Khảo sát đặc điểm hình thái, sinh học và khả năng gây hại đối với sâu đục trái cà phổi Leucinodes Orbonalis Guenée : Báo cáo tổng kết đề tài khoa học và công nghệ cấp Trường

Khảo sát đặc điểm hình thái và sinh học của sâu đục trái cà Phổi Leucinodes Orbonalis Guenée trong điều kiện phòng thí nghiệm. khả năng gây hại trên một số thức ăn đối với sâu đục trái cà Phổi trong điều kiện thí nghiệm và khảo sát hiệu lư...

Szczegółowa specyfikacja

Zapisane w:
Opis bibliograficzny
1. autor: Phạm, Kim Sơn
Format: Książka
Język:Undetermined
Wydane: Cần Thơ Trường Đại học Cần Thơ 2015
Hasła przedmiotowe:
Etykiety: Dodaj etykietę
Nie ma etykietki, Dołącz pierwszą etykiete!
Thư viện lưu trữ: Trung tâm Học liệu Trường Đại học Cần Thơ
LEADER 01425nam a2200241Ia 4500
001 CTU_210239
008 210402s9999 xx 000 0 und d
082 |a 635.646 
082 |b S464 
088 |a T2015-76 
100 |a Phạm, Kim Sơn 
245 0 |a Khảo sát đặc điểm hình thái, sinh học và khả năng gây hại đối với sâu đục trái cà phổi Leucinodes Orbonalis Guenée : 
245 0 |b Báo cáo tổng kết đề tài khoa học và công nghệ cấp Trường 
245 0 |c Phạm Kim Sơn (chủ nhiệm đề tài) 
260 |a Cần Thơ 
260 |b Trường Đại học Cần Thơ 
260 |c 2015 
520 |a Khảo sát đặc điểm hình thái và sinh học của sâu đục trái cà Phổi Leucinodes Orbonalis Guenée trong điều kiện phòng thí nghiệm. khả năng gây hại trên một số thức ăn đối với sâu đục trái cà Phổi trong điều kiện thí nghiệm và khảo sát hiệu lực của một số loại thuốc trừ sâu. 
650 |a Eggplant,Eggplant,Cà phổi,Cà phổi 
650 |x Breeding,Diseases and pests,Kỹ thuật trồng,Bệnh và sâu bệnh 
904 |i Nguyễn Văn Môi,Qhieu 
915 |a NN 
980 |a Trung tâm Học liệu Trường Đại học Cần Thơ